000
00187nam a2200073Ia 4500
008
170817s9999 xx 000 0 und d
100
_a
Rastogi.Krashan Gopal
245
0
_a
MatrraBhasha Hindi Shikshan
260
_b
N.C.E.R.T
999
_c
38139
_d
38139